[Event "13th Summer Open"]
[Site "Recklinghausen GER"]
[Date "2002.08.23"]
[Round "7"]
[White "Genkin,M"]
[Black "Goessling,G"]
[Result "1-0"]
[WhiteElo "2296"]
[BlackElo "2200"]

1.c4 c6 2.e4 e5 3.Nf3 Qa5 4.Nc3 Bb4 5.Be2 Nf6 6.Qc2 d6 7.O-O Bg4 8.Na4 b5
9.cxb5 cxb5 10.Nc3 Bxf3 11.Bxf3 O-O 12.Ne2 Nc6 13.a3 Rfc8 14.Qb1 Bxd2 15.b4 Bxb4
16.axb4 Qxb4 17.Qxb4 Nxb4 18.Rb1 a5 19.Ba3 Rc4 20.Bxb4 axb4 21.Ng3 g6 22.Rfd1 Ra2
23.Rxd6 Kg7 24.Rb6 Rcc2 25.Rxb5 Rxf2 26.R1xb4 g5 27.Rxe5 g4 28.Be2 Rfxe2
29.Nxe2 Rxe2 30.Kf1 Re3 31.Re7 g3 32.hxg3 Rxg3 33.Rbb7 Kg6 34.e5 Ng4 35.Rxf7 Re3
36.Rg7+ Kf5 37.Rbf7+ Ke6 38.Re7+ Kf5 39.Rxh7 Nxe5 40.Rh5+ Kf6 41.Re8 Re4
42.g3 Re3 43.Kg2 Re1 44.g4 Re4 45.Rf5+  1-0

[Event "ch-FRA"]
[Site "Val d'Isere FRA"]
[Date "2002.08.23"]
[Round "5"]
[White "Marcelin,C"]
[Black "Fontaine,R"]
[Result "0-1"]
[WhiteElo "2470"]
[BlackElo "2514"]

1.c4 c6 2.Nf3 d5 3.e3 Nf6 4.Nc3 a6 5.b3 Bg4 6.h3 Bxf3 7.Qxf3 e6 8.Bb2 Nbd7
9.d4 Qa5 10.a3 b5 11.cxd5 cxd5 12.Bd3 Rc8 13.b4 Qd8 14.O-O Nb6 15.Na2 Bd6
16.Nc1 Bb8 17.Nb3 Nc4 18.Bxc4 Rxc4 19.Rfc1 Qd6 20.Na5 Rxc1+ 21.Rxc1 Qh2+
22.Kf1 O-O 23.Ke2 Ne4 24.Nc6 Bd6 25.Ne5 f5 26.g3 Bxe5 27.dxe5 Qxh3 28.Rc6 Ng5
29.Qf4 Qh5+ 30.f3 Qh2+ 31.Kd1 Qh1+ 32.Kc2 Nxf3  0-1

[Event "22nd Open"]
[Site "Bratto ITA"]
[Date "2002.08.24"]
[Round "5"]
[White "Lanzani,M"]
[Black "Giretti,K"]
[Result "1-0"]
[WhiteElo "2349"]
[BlackElo "2193"]

1.c4 c6 2.Nf3 Nf6 3.Nc3 d5 4.d4 g6 5.Bg5 Bg7 6.e3 O-O 7.Be2 Nbd7 8.cxd5 cxd5
9.O-O Nb6 10.a4 Bf5 11.Qb3 a5 12.Rfc1 h6 13.Bf4 Nh5 14.Be5 Be6 15.Nb5 Nc4
16.Nc7 Bxe5 17.Nxe6 fxe6 18.dxe5 Nb6 19.Qc2 Qe8 20.Qc7 Nxa4 21.b3 Nb2 22.Qc2 Nc4
23.bxc4 a4 24.Nh4 g5 25.Ng6 Rf5 26.Bxh5 g4 27.Bxg4 Qxg6 28.Bxf5  1-0

[Event "Botvinnik Mem B"]
[Site "Elista RUS"]
[Date "2002.08.24"]
[Round "7"]
[White "Osnos,V"]
[Black "Chernikov,O"]
[Result "1/2-1/2"]
[WhiteElo "2384"]
[BlackElo "2464"]

1.c4 c6 2.Nf3 d5 3.d4 Nf6 4.e3 Bf5 5.Nc3 e6 6.Bd3 Bxd3 7.Qxd3 Bb4 8.O-O Nbd7
9.Bd2 Bxc3 10.Bxc3 O-O 11.Nd2 Re8  1/2-1/2

[Event "Saraybahce GP"]
[Site "Kocaeli TUR"]
[Date "2002.08.25"]
[Round "9"]
[White "Bratanov,Z"]
[Black "Shanava,K"]
[Result "0-1"]
[WhiteElo "2438"]
[BlackElo "2401"]

1.c4 c6 2.e4 d5 3.exd5 cxd5 4.d4 Nf6 5.Nc3 e6 6.Nf3 Bb4 7.Bd3 Nc6 8.O-O dxc4
9.Bxc4 O-O 10.a3 Be7 11.Qd3 b6 12.Bg5 Bb7 13.Rad1 Nd5 14.Bc1 Nxc3 15.bxc3 Rc8
16.Ba2 Bf6 17.Rfe1 Re8 18.c4 Ba6 19.Bb2 Na5 20.Rc1 g6 21.Nd2 Bg7 22.Qe3 Qd7
23.Ba1 Bb7 24.Ne4 Bxe4 25.Qxe4 Rcd8 26.Red1 Nc6 27.d5 exd5 28.Qxd5 Qe7 29.Qf3 Bxa1
30.Rxa1 Nd4 31.Qh3 Nc2 32.Rxd8 Rxd8 33.Rc1 Qe2 34.Qf3 Nd4 35.Qf6 Rd7 36.c5 Qb2
37.Bxf7+ Rxf7 38.Qd8+ Kg7  0-1

[Event "WY ol"]
[Site "Kuala Lumpur MAS"]
[Date "2002.08.25"]
[Round "6"]
[White "Akbarinia,S"]
[Black "Filippov,A"]
[Result "1/2-1/2"]
[WhiteElo "2257"]
[BlackElo "2253"]

1.c4 c6 2.Nf3 d5 3.d4 Nf6 4.Qc2 e6 5.Nbd2 Nbd7 6.g3 Be7 7.Bg2 O-O 8.O-O b6
9.e4 Bb7 10.b3 Rc8 11.Bb2 c5 12.exd5 exd5 13.Rfd1 dxc4 14.Nxc4 b5 15.d5 Nxd5
16.Nce5 N7b6 17.a4 bxa4 18.bxa4 a5 19.Nc4 Nxc4 20.Qxc4 Qb6 21.Rab1 Nb4 22.Qg4 Qg6
23.Qxg6 hxg6 24.Rd7 Bxf3 25.Bxf3 Bf6 26.Bxf6 gxf6 27.Bb7 Rcd8 28.Rc7 Rfe8
29.Rxc5 Re5 30.Rbc1 Nd3 31.Rxe5 fxe5 32.Rd1 Rd4 33.Kf1 Kf8 34.Ba6 e4 35.Ke2 Rxa4
36.Bxd3 Ra2+ 37.Ke3 exd3 38.Rxd3 Rb2 39.Rd8+ Ke7 40.Ra8 Rb5 41.Ra6 Rb3+  1/2-1/2

[Event "XIV Open"]
[Site "Porto San Giorgio ITA"]
[Date "2002.08.28"]
[Round "9"]
[White "Rotstein,A"]
[Black "Ortega,Le"]
[Result "1-0"]
[WhiteElo "2557"]
[BlackElo "2467"]

1.c4 c6 2.Nf3 d5 3.d4 Nf6 4.e3 Bf5 5.cxd5 cxd5 6.Qb3 Qc7 7.Bd2 Nc6 8.Bb5 e6
9.Bb4 Bxb4+ 10.Qxb4 Qe7 11.Bxc6+ bxc6 12.Qxe7+ Kxe7 13.Nc3 Nd7 14.Na4 f6
15.Rc1 Nb6 16.Nc5 a5 17.Nh4 Rhb8 18.Nxf5+ exf5 19.Ke2 a4 20.Rc2 Nc4 21.b3 axb3
22.axb3 Na3 23.Rd2 Nb5 24.Rc1 Kd6 25.Kf3 g6 26.h4 h5 27.Rdc2 Nc7 28.Nd3 Ra6
29.Nf4 Rg8 30.Rc5 Na8 31.b4 Nc7 32.R1c2 Rb6 33.Nd3 Na6 34.b5 cxb5 35.Nf4 Nb4
36.Rb2 g5 37.Nxh5 Nd3 38.Rcxb5 Rxb5 39.Rxb5 Kc6 40.Ra5 gxh4 41.Nxf6 Ne1+
42.Ke2 Rxg2 43.Ra1 Rg6 44.Nh5 Rg5 45.Nf4 Ng2 46.Nh3 Rg4 47.Kf3 Kb5 48.Rg1 Nxe3
49.fxe3 Rxg1 50.Nxg1 Kc4 51.Kf4 Kd3 52.Nh3 Ke2 53.Ng5 Kf2 54.Kxf5 Kxe3 55.Ke5 Kf2
56.Kxd5 Kg3 57.Ke5  1-0

[Event "ch-Arab"]
[Site "Casablanca MAR"]
[Date "2002.08.29"]
[Round "4"]
[White "Al Sulaiti,A"]
[Black "Al Sayed,Mohamad"]
[Result "0-1"]
[WhiteElo "2171"]
[BlackElo "2405"]

1.c4 c6 2.Nf3 d5 3.cxd5 cxd5 4.d4 Nf6 5.Nc3 Nc6 6.e3 Bf5 7.Bb5 e6 8.Ne5 Rc8
9.O-O Bd6 10.f4 O-O 11.Bd3 Bxd3 12.Qxd3 Nb4 13.Qe2 Ne4 14.Bd2 f6 15.Nf3 Qb6
16.Rfc1 Qa6 17.Qxa6 bxa6 18.Rab1 Nxd2 19.Nxd2 Nd3 20.Rc2 Rc7 21.Kf1 Rfc8
22.Ke2 Nxb2 23.Rbxb2 Rxc3 24.Rxc3 Rxc3 25.Nb1 Rc1 26.Kd3 h5 27.g3 Rh1 28.Nc3 Kh7
29.e4 dxe4+ 30.Nxe4 Ba3 31.Rc2 Kg6 32.Nc5 Kf5 33.Nxa6 h4 34.Nc5 Rd1+ 35.Ke3 Re1+
36.Kf3 Rf1+ 37.Ke3 g5 38.fxg5 fxg5 39.gxh4 gxh4 40.Nd3 Bd6 41.h3 Rh1 42.Rf2+ Kg5
43.Rf3 Ra1 44.Rf2 Bg3 45.Re2 Kf5 46.Nf2 a5 47.Rc2 a4 48.Kf3 Rf1 49.Rc4 e5
50.dxe5 Rxf2+ 51.Ke3 Rxa2 52.Kd3 Bxe5 53.Rc5 a3 54.Ra5 Rh2  0-1

[Event "TCh-BIH"]
[Site "Neum BIH"]
[Date "2002.08.29"]
[Round "8"]
[White "Vaulin,A"]
[Black "Pataki,G"]
[Result "1-0"]
[WhiteElo "2544"]
[BlackElo "2319"]

1.c4 c6 2.e4 d5 3.exd5 cxd5 4.d4 Nf6 5.Nc3 Nc6 6.Bg5 dxc4 7.d5 Ne5 8.Qd4 Nd3+
9.Bxd3 cxd3 10.Nf3 e6 11.O-O-O Be7 12.Rhe1 h6 13.Bh4 O-O 14.Rxd3 Qa5 15.d6 Bd8
16.Ne5 Bd7 17.Rg3 g5 18.Bxg5 hxg5 19.Rxg5+ Kh8 20.Re3  1-0

[Event "New York State-ch"]
[Site "Kerhonkson USA"]
[Date "2002.08.31"]
[Round "1"]
[White "Frumkin,E"]
[Black "Rubenchik,R"]
[Result "0-1"]
[WhiteElo "2070"]
[BlackElo "2314"]

1.c4 c6 2.Nf3 d5 3.b3 Qb6 4.Qc2 e6 5.Bb2 Nd7 6.e3 Ngf6 7.Be2 Be7 8.O-O O-O
9.d3 a5 10.a3 Re8 11.Nbd2 Bf8 12.d4 g6 13.Bc3 Bg7 14.b4 axb4 15.axb4 Rxa1
16.Rxa1 Qc7 17.c5 e5 18.dxe5 Ng4 19.Ra8 Ndxe5 20.Qb2 h5 21.h3 Nxf3+ 22.Nxf3 Bxc3
23.Qxc3 Nh6 24.b5 Nf5 25.b6 Qe7 26.Bd3 Ng7 27.Nd4 h4 28.Qb4 Qg5 29.Nf3 Qe7
30.Nxh4 d4 31.Qxd4 Ne6 32.Nxg6 fxg6 33.Bc4 Kh7 34.Qd6 Qxd6 35.cxd6 Nc5 36.Bf7 Rd8
37.d7 Nxd7 38.Be6 Nxb6 39.Rb8 Rd1+  0-1

[Event "GP"]
[Site "Izmir TUR"]
[Date "2002.09.03"]
[Round "7"]
[White "Azmaiparashvili,Z"]
[Black "Shanava,K"]
[Result "1-0"]
[WhiteElo "2676"]
[BlackElo "2401"]

1.c4 c6 2.Nc3 d5 3.d4 Nf6 4.e3 a6 5.Qb3 b5 6.cxd5 cxd5 7.a4 b4 8.Qxb4 Nc6
9.Qb3 Rb8 10.Qd1 Qa5 11.Bd3 e5 12.dxe5 Nxe5 13.Ne2 Bd6 14.Nd4 O-O 15.Be2 Ne4
16.Bd2 Nxc3 17.Bxc3 Bb4 18.Qd2 Bd7 19.Bxb4 Qxb4 20.b3 Nc6 21.Nxc6 Bxc6 22.Qxb4 Rxb4
23.O-O Rxb3 24.Rfc1 Bd7 25.Bxa6 Ra8 26.Bf1 g6 27.a5 Bb5 28.Rc5 Bc4 29.g3 Rb4
30.Bg2 Rd8 31.a6 Ra8 32.Rxc4  1-0

[Event "GP"]
[Site "Izmir TUR"]
[Date "2002.09.03"]
[Round "7"]
[White "Valensi,B"]
[Black "Erdogdu,M"]
[Result "0-1"]
[WhiteElo "2173"]
[BlackElo "2321"]

1.c4 c6 2.d4 d5 3.e3 Nf6 4.Nf3 e6 5.Bd3 Bd6 6.Nc3 O-O 7.O-O Nbd7 8.e4 e5
9.dxe5 Nxe5 10.cxd5 cxd5 11.Nxd5 Nxd5 12.exd5 Nxd3 13.Qxd3 h6 14.Bd2 Qf6
15.Bc3 Qf4 16.Rfe1 Bf5 17.Qd4 Qxd4 18.Nxd4 Bd7 19.Re4 Rac8 20.Nb3 Bf5 21.Re2 Rfd8
22.Rd1 Rc4 23.h3 Re4 24.Kf1 Rxe2 25.Kxe2 Re8+ 26.Kf1 Bc2 27.Rd2 Bb1 28.Nd4 Bxa2
29.b3 Bb1 30.Rd1 Be4 31.f3 Bg6 32.g4 a6 33.Kf2 Rc8 34.Ba1 Bf4 35.Ne2 Bc2
36.Rg1 Bd6 37.Nd4 Bc5 38.Kg3 Bg6 39.Rd1 Bd6+ 40.f4 Be4 41.Nf5 Bxf5 42.gxf5 Kf8
43.Be5 Rd8 44.Kf3 f6 45.Bxd6+ Rxd6 46.Ke4 Rb6 47.Rd3 Ke7 48.Kd4 Kd6 49.Kc4 a5
50.Rg3 Rb4+ 51.Kc3 Rxf4 52.Rxg7 b5 53.Rg6 Rxf5 54.Rxh6 Kxd5 55.h4 Rf3+ 56.Kc2 Kd4
57.Rh8 Rf2+ 58.Kc1 Kc3 59.Rc8+ Kxb3 60.h5 a4 61.h6 Rh2 62.Rh8 a3 63.h7 a2
64.Ra8 Rxh7  0-1

[Event "IM"]
[Site "Kostrena CRO"]
[Date "2002.09.03"]
[Round "6"]
[White "Dumpor,A"]
[Black "Doric,N"]
[Result "1/2-1/2"]
[WhiteElo "2376"]
[BlackElo "2408"]

1.c4 c6 2.Nf3 d5 3.b3 Nf6 4.Bb2 Bg4 5.g3 e6 6.Bg2 Nbd7 7.O-O Bd6 8.d3 O-O
9.Nbd2 Qe7 10.a3 a5 11.h3 Bh5 12.Re1 Rfe8 13.e4 dxe4 14.dxe4 Be5 15.Qc2 Bxb2
16.Qxb2 e5 17.b4 Bxf3 18.Bxf3 b6 19.c5 axb4 20.axb4 bxc5 21.bxc5 Qxc5 22.Rec1 Qb5
23.Qc2 Rxa1 24.Rxa1 Qc5 25.Qxc5 Nxc5 26.Rc1 Ne6 27.Rxc6  1/2-1/2

[Event "ch-RUS"]
[Site "Krasnodar RUS"]
[Date "2002.09.03"]
[Round "8"]
[White "Timofeev,Ar"]
[Black "Alavkin,A"]
[Result "1-0"]
[WhiteElo "2558"]
[BlackElo "2498"]

1.c4 c6 2.e4 d5 3.exd5 cxd5 4.cxd5 Nf6 5.Nc3 Nxd5 6.Nf3 e6 7.d4 Be7 8.Bd3 Nc6
9.O-O O-O 10.Re1 Nf6 11.Bg5 Nd5 12.h4 h6 13.Bxe7 Ncxe7 14.Rc1 b6 15.Ne5 Bb7
16.Qf3 Rc8 17.Qe4 Nf5 18.g4 Nxc3 19.Qxb7 Nd6 20.Qxa7 Ra8 21.Qd7 Nd5 22.Qxd8 Rfxd8
23.a3 Nf4 24.Bf1 Ra4 25.Nc6 Rd7 26.Rc3 Nd5 27.Rcc1 b5 28.Bg2 Nf4 29.Rcd1 Rc7
30.Nb4 Kh7 31.d5 exd5 32.Bxd5 Raa7 33.Rd4 g5 34.hxg5 hxg5 35.Nd3 Ra4 36.b4 Nxd3
37.Rxd3 Nc4 38.Rc1 Rca7 39.Be4+ Kg7 40.Rd5 Nxa3 41.Rxg5+ Kf6 42.f4 Rxb4 43.Rc6+ Ke7
44.Re5+ Kf8 45.f5 Rc4 46.Rh6 Rc1+ 47.Kh2 Nc4 48.f6 Ra2+ 49.Bg2  1-0

[Event "ch-Arab"]
[Site "Casablanca MAR"]
[Date "2002.09.04"]
[Round "9"]
[White "Al Sulaiti,A"]
[Black "Sarsam,S"]
[Result "0-1"]
[WhiteElo "2171"]
[BlackElo "2407"]

1.c4 c6 2.Nf3 d5 3.b3 Nf6 4.Bb2 g6 5.e3 Bg7 6.Be2 O-O 7.O-O Bg4 8.h3 Bxf3
9.Bxf3 Nbd7 10.d4 Re8 11.Nd2 e5 12.cxd5 cxd5 13.dxe5 Nxe5 14.Be2 Ne4 15.Nxe4 dxe4
16.Qxd8 Rexd8 17.Bxe5 Bxe5 18.Rad1 f5 19.Rxd8+ Rxd8 20.Rd1 Bd6 21.Bc4+ Kf8
22.Kf1 Ke7 23.Ke2 Rf8 24.Rd4 a6 25.a4 Rb8 26.Rd5 Kd7 27.g4 Kc6 28.Rd1 b5
29.axb5+ axb5 30.Be6 Rf8 31.Rc1+ Kb6 32.Rd1 Bc5 33.Rd7 f4 34.Rf7 f3+ 35.Kd1 b4
36.Bc4  0-1

[Event "GP"]
[Site "Izmir TUR"]
[Date "2002.09.06"]
[Round "9"]
[White "Bagaturov,G"]
[Black "Shanava,K"]
[Result "0-1"]
[WhiteElo "2437"]
[BlackElo "2401"]

1.c4 c6 2.Nf3 Nf6 3.Nc3 d5 4.e3 a6 5.Be2 b5 6.b3 Bg4 7.Bb2 Nbd7 8.h3 Bxf3
9.gxf3 e6 10.a4 bxc4 11.bxc4 Qa5 12.Qc2 Bd6 13.Rg1 O-O 14.f4 Rab8 15.Rg5 h6
16.Rg2 d4 17.exd4 Bxf4 18.Nd1 c5 19.dxc5 Qxc5 20.d4 Qc6 21.Kf1 e5 22.Ra3 exd4
23.Bxd4 Be5 24.Bxe5 Nxe5 25.Rag3 Ne8 26.Kg1 Kh8 27.Qf5 Qd6 28.Nc3 g6 29.Qe4 Nf6
30.Qf4 Kg7 31.c5 Qe6 32.Re3 Rfe8 33.Bxa6 Nh5 34.Qh4 Qf5 35.Qd4 Rbd8 36.Nd5 Nf6
37.Bb7 Qb1+ 38.Kh2 Qxb7 39.Nxf6 Rxd4 40.Nxe8+ Kf8 41.Rxe5 Qf3 42.Re1 Rh4
43.Kg1 Qxh3 44.f3 Qxf3 45.Nd6 Rg4 46.Rxg4 Qxg4+ 47.Kf1 Qf4+  0-1

[Event "Poyntner Mem GM"]
[Site "St Poelten AUT"]
[Date "2002.09.07"]
[Round "3"]
[White "Hoelzl,F"]
[Black "Haba,P"]
[Result "1/2-1/2"]
[WhiteElo "2393"]
[BlackElo "2531"]

1.c4 c6 2.Nf3 d5 3.e3 Nf6 4.Nc3 e6 5.b3 Bd6 6.d4 O-O 7.Bd3 Nbd7 8.O-O dxc4
9.bxc4 e5 10.Ng5 h6 11.Nge4 Nxe4 12.Nxe4 Be7 13.Bb2 f5 14.Ng3 e4 15.Bc2 Bd6
16.f4 Nf6 17.Bb3 Kh7 18.Bc3 Ng4 19.Qe1 g5 20.Bd1 gxf4 21.exf4 Nf6 22.Rb1 b6
23.Kh1 Rg8 24.Bb4 Be6 25.Bxd6 Qxd6 26.Qc3 Rg6 27.Bb3 Rag8 28.c5 Qd7 29.cxb6 axb6
30.Bxe6 Qxe6 31.Rxb6 Nd5 32.Rb7+ R8g7 33.Qb3 Rxb7 34.Qxb7+ Rg7 35.Qb2 Qf7
36.Qa3 Rg4 37.Qd6 Ne3 38.Ra1 Rxg3 39.hxg3 Qh5+ 40.Kg1 Qe2 41.Qe7+ Kg8  1/2-1/2

[Event "Poyntner Mem GM"]
[Site "St Poelten AUT"]
[Date "2002.09.07"]
[Round "3"]
[White "Stanec,N"]
[Black "Ganaus,H"]
[Result "1-0"]
[WhiteElo "2523"]
[BlackElo "2357"]

1.c4 c6 2.e4 d5 3.exd5 cxd5 4.cxd5 Nf6 5.Nc3 Nxd5 6.Nf3 Nc6 7.Bc4 e6 8.O-O Be7
9.Re1 O-O 10.d4 a6 11.Bb3 Bf6 12.Ne4 Nce7 13.Nxf6+ gxf6 14.Bh6 Re8 15.Bc2 Bd7
16.Nh4 Ng6 17.Qh5 f5 18.Bg5 Qb6 19.Rad1 Qxb2 20.Bb3 Qc3 21.Nf3 Qb4 22.Ne5 Nxe5
23.dxe5 Bc6 24.Bxd5 Bxd5 25.h3 f4 26.Bf6  1-0

[Event "TCh-CRO"]
[Site "Medulin CRO"]
[Date "2002.09.10"]
[Round "2"]
[White "Horvath,Cs"]
[Black "Boric,M"]
[Result "1/2-1/2"]
[WhiteElo "2517"]
[BlackElo "2399"]

1.c4 c6 2.d4 d5 3.Nf3 Nf6 4.Nc3 g6 5.cxd5 cxd5 6.Bf4 Bg7 7.e3 O-O 8.h3 Qb6
9.a3 Bd7 10.b4 a5 11.b5 a4 12.Rb1 Rc8 13.Qd2 Ne4 14.Nxe4 dxe4 15.Ng5 Bf5
16.g4 Be6 17.Nxe4 Qa5 18.Bg2 Nd7 19.O-O Bb3 20.Rfc1 Qxb5 21.Nc3 Qa6 22.Nd5 Bf8
23.Nc7 Qa5 24.Qxa5 Rxa5 25.Bxb7 Rd8 26.Ra1  1/2-1/2

[Event "TCh-CRO"]
[Site "Medulin CRO"]
[Date "2002.09.11"]
[Round "3"]
[White "Nikolac,J"]
[Black "Bukal,V jr"]
[Result "1-0"]
[WhiteElo "2430"]
[BlackElo "2405"]

1.c4 c6 2.Nf3 Nf6 3.Nc3 d5 4.e3 a6 5.b3 Bg4 6.Be2 Nbd7 7.d4 e6 8.Bb2 b5 9.cxd5 cxd5
10.h3 Bh5 11.O-O Bd6 12.Ne5 Bxe2 13.Nxe2 O-O 14.Nf4 Qb8 15.Nfd3 a5 16.f3 Qa7
17.Rf2 Rac8 18.Rc1 a4 19.Rxc8 Rxc8 20.Rc2 Ra8 21.Qc1 a3 22.Bc3 Ne8 23.Nc6 Qb7
24.Bb4 Nb6 25.Nde5 f6 26.Nd3 h6 27.Bxd6 Nxd6 28.Ncb4 Qf7 29.Rc6 Rc8 30.Qxa3 Rxc6
31.Nxc6 Nf5 32.e4 Nh4 33.Qd6 Qh5 34.Ne7+ Kf7 35.Nf4 Qg5 36.Qxe6+ Kf8 37.Nfg6+ Nxg6
38.Nxg6+ Qxg6 39.Qxb6 Qg5 40.Qd8+ Kf7 41.Qxd5+ Qxd5 42.exd5 Ke7 43.Kf2 Kd6
44.Ke3 Kxd5 45.a4  1-0

[Event "TCh-CRO"]
[Site "Medulin CRO"]
[Date "2002.09.12"]
[Round "4"]
[White "Horvath,Cs"]
[Black "Brumen,D"]
[Result "1-0"]
[WhiteElo "2517"]
[BlackElo "2398"]

1.c4 c6 2.e4 d5 3.cxd5 cxd5 4.exd5 Nf6 5.Bb5+ Bd7 6.Bc4 Qa5 7.Nc3 b5 8.b4 Qxb4
9.Bxb5 Ne4 10.Qg4 f5 11.Bxd7+ Nxd7 12.Qh3 Nxc3 13.dxc3 Qe4+ 14.Ne2 Ne5 15.Be3 Nd3+
16.Kf1 Rb8 17.Qf3 Qc4 18.h3 Rb2 19.Kg1 g5 20.Bd4 Rg8 21.Rd1 Ne5 22.Qxf5 Qxe2
23.Qc8+ Kf7 24.Qe6+ Ke8 25.Qc8+ Kf7 26.Qe6+ Ke8 27.Kh2 Rg6 28.Qc8+ Kf7 29.Rhe1 Nf3+
30.gxf3 Qxf3 31.Qg4 Qxg4 32.hxg4 Rxa2 33.Ra1 Rga6 34.Rab1 Rd6 35.Re5 Bg7
36.Rf5+ Bf6 37.Rb7 Kg6 38.Bc5 Rda6 39.Bxe7 h5 40.Rxf6+ Rxf6 41.gxh5+ Kxh5
42.Bxf6 Rxf2+ 43.Kg3 Rxf6 44.c4 g4 45.Rb3 Kg5 46.c5 Rh6 47.Rb8  1-0

[Event "Poyntner Mem GM"]
[Site "St Poelten AUT"]
[Date "2002.09.12"]
[Round "8"]
[White "Varga,Zo"]
[Black "Ganaus,H"]
[Result "1/2-1/2"]
[WhiteElo "2528"]
[BlackElo "2357"]

1.c4 c6 2.e4 d5 3.cxd5 cxd5 4.exd5 Nf6 5.Bb5+ Nbd7 6.Nc3 a6 7.Be2 Nb6 8.Nf3 Nbxd5
9.d4 g6 10.O-O Bg7 11.Ne5 O-O 12.Bf3 Be6 13.Na4 b6 14.Bd2 Qb8 15.Rc1 Rc8
16.Rxc8+ Qxc8 17.Qb3 Qe8 18.Rc1 Rc8 19.Rxc8 Qxc8 20.g4 h6 21.Nxb6 Nxb6 22.Qxb6 Qc2
23.Be3 Qb1+ 24.Kg2 Qxa2 25.Nc6 Kh7 26.Nxe7 Bxg4 27.Bxg4 Nxg4 28.Qb8 Nxe3+
29.fxe3 h5 30.d5 Qxb2+ 31.Qxb2 Bxb2 32.d6 Be5  1/2-1/2

[Event "7th WUCC Men"]
[Site "Ulaanbaatar MON"]
[Date "2002.09.14"]
[Round "4"]
[White "Soltanici,R"]
[Black "Sitnikov,D"]
[Result "1/2-1/2"]
[WhiteElo "2426"]
[BlackElo "2419"]

1.c4 c6 2.e4 e5 3.Nf3 Nf6 4.Nc3 Qa5 5.Be2 Bb4 6.Qc2 O-O 7.O-O Re8 8.a3 Bxc3
9.dxc3 d5 10.cxd5 cxd5 11.b4 Qc7 12.exd5 Nxd5 13.c4 e4 14.Nd4 Nf4 15.Nb5 Qe5
16.Bxf4 Qxf4 17.Rad1 Nc6 18.Qd2 Qe5 19.Qd6 Bf5 20.Rd5 Qb2 21.Rd2 Qe5 22.Qxe5 Rxe5
23.Rfd1 Kf8 24.Nd6 Rb8 25.c5 Be6 26.f4 exf3 27.Bxf3 Re3 28.Rd3 Rxd3 29.Rxd3 Ne5
30.Rc3 Nxf3+ 31.gxf3 Ke7 32.Kf2 a6 33.Ke3 Bd7 34.Kd4 Bc6 35.f4 Kf6 36.Re3 Rd8
37.Kc4 Rd7 38.Re5 h6 39.Ne8+ Kg6 40.f5+ Kh7 41.f6 g5 42.Nd6 Kg6 43.Re7 Kxf6
44.Rxd7 Bxd7 45.Nxb7 Ke5 46.Nd6 Be6+ 47.Kd3 f5 48.a4 Kd5 49.Ne8 Kc6 50.Kd4 Bb3
51.Nd6 Bxa4 52.Nxf5 h5 53.Nd6 Bd1 54.Ke5 h4 55.Ke4 g4 56.Ke3 Kd5 57.Nf5 h3
58.Kf4 Kc6 59.Ne3 Be2 60.Nxg4 Kb5 61.Ne5 Kxb4 62.c6 a5 63.c7 Ba6 64.Nc6+ Kb5
65.Na7+ Kc5 66.Ke3 a4 67.Kd2  1/2-1/2

[Event "FSIMB Sept"]
[Site "Budapest HUN"]
[Date "2002.09.16"]
[Round "10"]
[White "Metaxasz,V"]
[Black "Gonda,L"]
[Result "1/2-1/2"]
[WhiteElo "2181"]
[BlackElo "2309"]

1.c4 c6 2.g3 d5 3.Nf3 Nf6 4.Bg2 dxc4 5.Qc2 b5 6.b3 cxb3 7.axb3 e6 8.O-O Bb7
9.d4 Nbd7 10.Bd2 Be7 11.Ba5 Qb8 12.Nbd2 O-O 13.e4 c5 14.Qd3 a6 15.e5 Nd5
16.Ne4 cxd4 17.Qxd4 Qa7 18.Nd6 Bxd6 19.exd6 Qb8 20.Bc7 Nxc7 21.dxc7 Qxc7
22.Rac1 Qd8 23.Rfd1 Bd5 24.Ne5 Nf6 25.Nc6 Bxc6 26.Qxd8 Raxd8 27.Rxd8 Rxd8
28.Rxc6 a5 29.Ra6 Kf8 30.Rxa5 b4 31.Rb5 Rd1+ 32.Bf1 Ne4 33.Kg2 Rd2 34.Kf3 Rxf2+
35.Kxe4 Rxf1 36.Rxb4 Rf2 37.h4 Ke7 38.Rb7+ Kd6 39.g4 h5 40.gxh5 f5+ 41.Ke3 Rh2
42.Rxg7 Rxh4 43.Rg5 Rh3+ 44.Kf4 Rxb3 45.Rg1 Rb8 46.h6 Ke7 47.Rg6 Kf7 48.Rg7+ Kf6
49.Ra7 e5+ 50.Kf3 Rh8 51.h7 Kg6 52.Ra5 Rxh7 53.Rxe5 Kg5 54.Ra5 Rh3+ 55.Kg2 Re3
56.Kf2 Rd3 57.Ra4 Rb3 58.Rc4 Kf6 59.Ra4 Rc3 60.Rb4 Ra3 61.Rc4 Ke5 62.Rb4 f4
63.Rb8 Ra2+ 64.Kf3 Ra3+ 65.Kf2 Ra6 66.Kf3 Rf6 67.Rb5+ Ke6 68.Rb6+ Kf5 69.Rxf6+ Kxf6
70.Kxf4  1/2-1/2

[Event "FSIMB Sept"]
[Site "Budapest HUN"]
[Date "2002.09.18"]
[Round "12"]
[White "Metaxasz,V"]
[Black "Philipowski,R"]
[Result "0-1"]
[WhiteElo "2181"]
[BlackElo "2299"]

1.c4 c6 2.g3 d5 3.Nf3 Nf6 4.Qc2 g6 5.Bg2 Bg7 6.O-O O-O 7.d3 Re8 8.e4 e5 9.b4 a5
10.b5 Nbd7 11.cxd5 cxd5 12.Bb2 d4 13.Na3 Nb6 14.Bc1 Bd7 15.Nc4 Rc8 16.a4 Nxe4
17.Ba3 Nxc4 18.dxc4 Nc5  0-1

[Event "7th WUCC Men"]
[Site "Ulaanbaatar MON"]
[Date "2002.09.18"]
[Round "7"]
[White "Iordachescu,V"]
[Black "Sitnikov,D"]
[Result "1-0"]
[WhiteElo "2555"]
[BlackElo "2419"]

1.c4 c6 2.e4 e5 3.Nf3 Nf6 4.Nc3 Bb4 5.Nxe5 Qe7 6.Nd3 Nxe4 7.Qe2 Nxc3 8.dxc3 Qxe2+
9.Bxe2 Be7 10.Bf4 d6 11.O-O-O O-O 12.Nb4 Rd8 13.Rd2 Be6 14.Rhd1 a5 15.Nc2 Kf8
16.Bxd6 Bxd6 17.Rxd6 Rxd6 18.Rxd6 Ke7 19.Rd2 Nd7 20.Nd4 Nc5 21.Nxe6 Nxe6
22.Bg4 c5 23.b3 g6 24.Kb2 a4 25.b4 Rc8 26.Bxe6 Kxe6 27.Ka3 cxb4+ 28.cxb4 Rxc4
29.Kxa4 g5 30.Kb5 Rc6 31.a4 f5 32.a5 f4 33.f3 h5 34.h3 Ke5 35.Rd7 Rc2 36.Rxb7 Rxg2
37.a6 Kd4 38.a7 Ra2 39.Re7 g4 40.hxg4 hxg4 41.fxg4 f3 42.Rf7 Ke3 43.Kb6  1-0

[Event "FSIMB Sept"]
[Site "Budapest HUN"]
[Date "2002.09.19"]
[Round "13"]
[White "Nguyen Ngoc Truongson"]
[Black "Johannesson,I"]
[Result "1-0"]
[WhiteElo "2234"]
[BlackElo "2284"]

1.c4 c6 2.Nf3 d5 3.b3 Nf6 4.Bb2 Bg4 5.e3 Nbd7 6.Be2 e6 7.h3 Bh5 8.O-O Bd6
9.d4 Ne4 10.Ne5 Bxe2 11.Qxe2 O-O 12.Nxd7 Qxd7 13.Nd2 f5 14.Qd3 Rad8 15.f3 Ng3
16.Rfe1 Bb8 17.cxd5 exd5 18.f4 Rde8 19.Nf3 h6 20.b4 Re6 21.Kh2 Ne4 22.Ne5 Bxe5
23.dxe5 Kh7 24.Rg1 g5 25.g4 Rg6 26.Raf1 gxf4 27.Rxf4 Rfg8 28.Rgf1 Qe7 29.Rxf5 Qh4
30.Rf7+ R8g7 31.R1f3 h5 32.e6 hxg4 33.Bxg7 Rxg7 34.Qd4 gxf3 35.Qxg7+  1-0

[Event "VI Pablo Gorbea Mem"]
[Site "Madrid ESP"]
[Date "2002.09.19"]
[Round "4"]
[White "Perez,Lu"]
[Black "Arencibia,W"]
[Result "1/2-1/2"]
[WhiteElo "2384"]
[BlackElo "2534"]

1.c4 c6 2.d4 d5 3.cxd5 cxd5 4.Nf3 Nf6 5.Nc3 Nc6 6.Bf4 Bf5 7.e3 e6 8.Bd3 Bxd3
9.Qxd3 Bd6 10.Bxd6 Qxd6 11.O-O O-O 12.g3 Rac8 13.Rac1  1/2-1/2

[Event "ECC"]
[Site "Halkidiki GRE"]
[Date "2002.09.22"]
[Round "1"]
[White "Bischoff,K"]
[Black "Ivanchuk,V"]
[Result "0-1"]
[WhiteElo "2554"]
[BlackElo "2711"]

1.c4 c6 2.Nf3 Nf6 3.Nc3 d5 4.e3 a6 5.d4 b5 6.cxd5 cxd5 7.Bd2 e6 8.Ne2 Bd6
9.Nc1 O-O 10.Be2 b4 11.O-O a5 12.Nd3 Ne4 13.Qc2 Ba6 14.Rfc1 Nd7 15.Be1 Qb8
16.Qd1 h6 17.h3 Ra7 18.Nd2 Rc8 19.Rxc8+ Qxc8 20.Nf1 Bb5 21.f3 Nef6 22.Rc1 Rc7
23.Rxc7 Qxc7 24.b3 Ne8 25.Nc1 Bc6 26.Bd3 Qb6 27.Bb1 Bb5 28.Bf2 Qc6 29.Ne2 Nc7
30.g4 Bxe2 31.Qxe2 Nb5 32.Kg2 e5 33.Ng3 exd4 34.exd4 Nf8 35.Qd3 Bxg3 36.Bxg3 Na3
37.Qd1 Nxb1 38.Qxb1 Ne6 39.Bf2 Nf4+ 40.Kh2 Ne2 41.Kg2 Qc1 42.Qf5 g5 43.h4 Nf4+  0-1

[Event "ECC"]
[Site "Halkidiki GRE"]
[Date "2002.09.22"]
[Round "1"]
[White "Schammo,J"]
[Black "Glavas,D"]
[Result "0-1"]
[WhiteElo "2205"]
[BlackElo "2273"]

1.c4 c6 2.d4 d5 3.cxd5 cxd5 4.Nc3 Nc6 5.Nf3 Nf6 6.e3 Bf5 7.Bd3 Bxd3 8.Qxd3 e6
9.O-O Bd6 10.e4 dxe4 11.Nxe4 Be7 12.Rd1 O-O 13.a3 Qd5 14.Nc3 Qh5 15.Qb5 Qxb5
16.Nxb5 Rfd8 17.Be3 Nd5 18.Rac1 Bf6 19.Nc3 h6 20.Ne4 Rac8 21.b4 Be7 22.Nc5 b6
23.Nb3 a5 24.b5 Na7 25.a4 Nc3 26.Re1 Nxa4 27.Ne5 Ba3 28.Rc4 Nc3 29.Nc6 Nxc6
30.bxc6 Bb4 31.Bd2 b5 32.Rxc3 Bxc3 33.Bxc3 b4 34.Bb2 a4 35.Na5 Rd5 36.Re5 a3
37.Ba1 Rxa5 38.Rxa5 Rxc6  0-1

[Event "ECC"]
[Site "Halkidiki GRE"]
[Date "2002.09.22"]
[Round "1"]
[White "Stryjecki,M"]
[Black "Borovikov,V"]
[Result "0-1"]
[WhiteElo "2424"]
[BlackElo "2570"]

1.c4 c6 2.e4 e5 3.Nf3 d6 4.d4 Nd7 5.Bd3 Ngf6 6.O-O Be7 7.Nc3 O-O 8.b3 a6
9.Bb2 Re8 10.Ne2 Bf8 11.Ng3 b5 12.a3 Bb7 13.dxe5 Nxe5 14.Nxe5 dxe5 15.b4 g6
16.Qe2 Qe7 17.Rfd1 h5 18.Nf1 bxc4 19.Bxc4 c5 20.b5 axb5 21.Bxb5 Red8 22.Nd2 Bg7
23.a4 h4 24.h3 Nh5 25.Nc4 Nf4 26.Qf3 f5 27.Nd2 Kh7 28.Bf1 Qg5 29.Bc3 Rd6
30.Rdb1 Bc6 31.a5 Rad8 32.Rb6 Rd3 33.Bxd3 Rxd3 34.Qxf4 exf4 35.Bxg7 Rxd2
36.Rxc6 f3  0-1

[Event "ECC"]
[Site "Halkidiki GRE"]
[Date "2002.09.23"]
[Round "2"]
[White "Dilleigh,S"]
[Black "Plumanns,D"]
[Result "1/2-1/2"]
[WhiteElo "2164"]
[BlackElo "2193"]

1.c4 c6 2.Nf3 d5 3.d4 e6 4.Qc2 f5 5.Bf4 Nf6 6.e3 Be7 7.Nc3 O-O 8.Bd3 Ne4
9.g4 Bb4 10.gxf5 exf5 11.Kf1 Bd6 12.cxd5 Nxc3 13.Qxc3 cxd5 14.Ne5 Bxe5 15.dxe5 Nc6
16.Rd1 Qb6  1/2-1/2